000 00679nam a2200193Ia 4500
008 090123s9999 xx 000 0 und d
082 _b22398
_a891.463/ओक
100 _aजॉन बॉल
245 _aगोष्ट एका काळ्या प्रहरीची
250 _a1
260 _bमेहता प्रकाशन
_c1993
300 _a158
600 _aजॉन बॉल
630 _aगोष्ट एका काळ्या प्रहरीची
700 _aओक चारुशिला
700 _aजॉन बॉल
730 _aगोष्ट एका काळ्या प्रहरीची
942 _cBOOK
999 _c60470
_d60470